The Invisible Hand of Peace : (Record no. 13552)
[ view plain ]
| 000 -LEADER | |
|---|---|
| fixed length control field | 01886cam a2200313 a 4500 |
| 001 - CONTROL NUMBER | |
| control field | 15504546 |
| 005 - DATE AND TIME OF LATEST TRANSACTION | |
| control field | 20091026142650.0 |
| 008 - FIXED-LENGTH DATA ELEMENTS--GENERAL INFORMATION | |
| fixed length control field | 081030s2009 nyu |rb 001 0 eng |
| 010 ## - LIBRARY OF CONGRESS CONTROL NUMBER | |
| LC control number | 2008044607 |
| 020 ## - INTERNATIONAL STANDARD BOOK NUMBER | |
| International Standard Book Number | 9780521744126 (pbk.) |
| 035 ## - SYSTEM CONTROL NUMBER | |
| System control number | (OCoLC)ocn268547407 |
| 040 ## - CATALOGING SOURCE | |
| Original cataloging agency | DLC |
| Transcribing agency | DLC |
| Modifying agency | YDX |
| -- | BTCTA |
| -- | YDXCP |
| -- | BWX |
| -- | CDX |
| -- | VVC |
| -- | OCLCQ |
| -- | DLC |
| 050 00 - LIBRARY OF CONGRESS CALL NUMBER | |
| Classification number | HB195 |
| Item number | .M34 2009 |
| 082 00 - DEWEY DECIMAL CLASSIFICATION NUMBER | |
| Classification number | 330.122 |
| Edition number | 22 |
| Item number | MCD |
| 100 1# - MAIN ENTRY--PERSONAL NAME | |
| Personal name | McDonald, Patrick J., |
| Dates associated with a name | 1973- |
| 9 (RLIN) | 12093 |
| 245 14 - TITLE STATEMENT | |
| Title | The Invisible Hand of Peace : |
| Remainder of title | Capitalism, the War Machine, and International Relations Theory / |
| Statement of responsibility, etc | Patrick J. McDonald. |
| 260 ## - PUBLICATION, DISTRIBUTION, ETC. (IMPRINT) | |
| Place of publication, distribution, etc | New York : |
| Name of publisher, distributor, etc | Cambridge University Press, 2009 |
| Date of publication, distribution, etc | 2009. |
| 300 ## - PHYSICAL DESCRIPTION | |
| Extent | 338 p. ; |
| Dimensions | 23 cm. |
| 504 ## - BIBLIOGRAPHY, ETC. NOTE | |
| Bibliography, etc | Includes bibliographical references (p. 309-330) and index. |
| 505 0# - FORMATTED CONTENTS NOTE | |
| Formatted contents note | American grand strategy and the liberal peace -- Liberal international relations theory on war -- Releasing the invisible hand -- Liberal economic institutions and peace in the twentieth century -- Free trade and peace in the first era of globalization -- From rivalry to friendship -- The Achilles' heel of liberal international relations theory? -- Peace across the Taiwan Strait? -- The invisible hand or the ballot box? -- Capitalism and America's peaceful market power. |
| 650 #0 - SUBJECT ADDED ENTRY--TOPICAL TERM | |
| Topical term or geographic name as entry element | War |
| General subdivision | Economic aspects. |
| 9 (RLIN) | 12094 |
| 650 #0 - SUBJECT ADDED ENTRY--TOPICAL TERM | |
| Topical term or geographic name as entry element | Peace |
| General subdivision | Economic aspects. |
| 9 (RLIN) | 12095 |
| 650 #0 - SUBJECT ADDED ENTRY--TOPICAL TERM | |
| Topical term or geographic name as entry element | Capitalism. |
| 9 (RLIN) | 12096 |
| 650 #0 - SUBJECT ADDED ENTRY--TOPICAL TERM | |
| Topical term or geographic name as entry element | International relations. |
| 9 (RLIN) | 12097 |
| 856 41 - ELECTRONIC LOCATION AND ACCESS | |
| Materials specified | Table of contents only |
| Uniform Resource Identifier | <a href="http://www.loc.gov/catdir/toc/fy0905/2008044607.html">http://www.loc.gov/catdir/toc/fy0905/2008044607.html</a> |
| 942 ## - ADDED ENTRY ELEMENTS (KOHA) | |
| Source of classification or shelving scheme | Dewey Decimal Classification |
| Item type | NB - Book (Non borrowing) |
| Withdrawn status | Item status | Source of classification or shelving scheme | Damaged status | Not for loan | Vendor | Home library | Current library | Shelving location | Date acquired | Source of acquisition | Cost, normal purchase price | Serial Enumeration / chronology | Total Checkouts | Total Renewals | Full call number | Barcode | Date last seen | Date last borrowed | Koha item type |
|---|---|---|---|---|---|---|---|---|---|---|---|---|---|---|---|---|---|---|---|
| Dewey Decimal Classification | MERIC | Central Library | Central Library | First floor | 01/03/2010 | 205.10 | 10029 | 4 | 11 | 330.122 MCD | 000019532 | 15/07/2025 | 05/11/2017 | Book - Borrowing |